[Event "Olimpiade 2022 - Open"]
[Site "Chennai"]
[Date "03.08.2022"]
[Round "6.73"]
[Board "1"]
[White "Mlawa, Hemed"]
[Black "Traore, Bakary"]
[Result "1/2-1/2"]
[WhiteTitle "FM"]
[BlackTitle "FM"]
[WhiteElo "1896"]
[BlackElo "2181"]
[WhiteTeam "Tanzania"]
[BlackTeam "Mali"]
[WhiteFideId "10002251"]
[BlackFideId "19800029"]
[EventDate "2022.07.29"]

1. d4 Nf6 2. c4 g6 3. Nc3 Bg7 4. e4 d6 5. f3 O-O 6. Be3 e5 7. d5 c6 8. Qd2 cxd5
9. cxd5 Na6 10. O-O-O Nh5 11. g4 Nf4 12. h4 h6 13. Nge2 Nxe2+ 14. Bxe2 Kh7 15.
Kb1 Bd7 16. f4 exf4 17. Bxf4 Qe7 18. Bf3 Nc5 19. Qh2 Be5 20. Bxe5 Qxe5 21. Qxe5
dxe5 22. Be2 f5 23. gxf5 gxf5 24. exf5 Bxf5+ 25. Ka1 Ne4 26. Nxe4 Bxe4 27. Bd3
Rf4 28. Bxe4+ Rxe4 29. d6 Rd8 30. Rd5 Rd4 31. Rxe5 R8xd6 32. Kb1 Kg6 33. h5+ Kf6
34. Ree1 R6d5 35. Reg1 Rg5 36. Rf1+ Ke6 37. Rf8 Rdd5 38. Re1+ Rde5 39. Re8+ Kf6
40. Rf1+ Rgf5 41. Rf8+ Ke6 42. R8xf5 Rxf5 43. Rh1 Kf6 44. a4 a5 45. Rh3 b5 46.
axb5 Rxb5 47. Kc2 Kg5 48. b3 Kg4 49. Rh1 Rxh5 50. Ra1 Rc5+ 51. Kd3 h5 52. Ke2
Kg3 53. Rg1+ Kf4 54. Ra1 Rb5 55. Kf2 Ke4 56. Ke2 Kf4 57. Kf2 Kf5 58. Ra4 Kg5 59.
Kg2 Kf6 60. Kf2 Kf5 61. Rh4 Ke6 62. Ke2 Kd6 63. Kd2 Kc6 64. Kc2 Kd6 65. Kd2 Rd5+
66. Kc3 Rc5+ 67. Kd2 Rb5 68. Kc2 Ke6 69. Kd2 Kf6 70. Ke2 Kg6 71. Ra4 Kf5 72. Kf2
Kg5 73. Kg2 Kg6 74. Kf2 Kf5 75. Rh4 Ke6 76. Ke2 Rd5 77. Ra4 Rb5 78. Rh4 Kd6 79.
Kd2 Kc6 80. Kc3 Kd7 81. Kd2 Ke6 82. Ke2 1/2-1/2

[Event "Olimpiade 2022 - Open"]
[Site "Chennai"]
[Date "03.08.2022"]
[Round "6.74"]
[Board "2"]
[White "Cheikhna, Mohamed Lemine"]
[Black "Winston Gerald, Mansfield Thomas"]
[Result "0-1"]
[WhiteElo "1899"]
[BlackElo "1832"]
[WhiteTeam "Mauritania"]
[BlackTeam "Sierra Leone"]
[WhiteFideId "19600151"]
[BlackFideId "17800048"]
[EventDate "2022.07.29"]

1. e4 d6 2. d4 Nf6 3. Nc3 c6 4. f4 Qa5 5. Bd3 Nbd7 6. Nf3 e5 7. O-O Be7 8. Bd2
Qc7 9. Ne2 exd4 10. Nexd4 Nc5 11. e5 dxe5 12. fxe5 Nd5 13. Qe2 Nxd3 14. Qxd3 O-O
15. Rae1 Qb6 16. Kh1 Qxb2 17. e6 fxe6 18. Nxe6 Bxe6 19. Rxe6 Bf6 20. c4 Nc7 21.
Re2 Rad8 22. Qf5 Bc3 23. Qg4 Bxd2 24. Nxd2 Qxd2 25. Rfe1 Qf4 26. Qxf4 Rxf4 27.
g3 Rf7 28. Kg2 h6 29. h3 Na6 30. h4 Nc5 31. Kh2 Rdf8 32. Kg2 a5 33. Rd1 a4 34.
Re5 Rf2+ 35. Kh3 b6 36. Kg4 Rc2 37. Rd4 Rxa2 38. Rd6 Rc2 39. Rxc6 Rxc4+ 40. Kh5
a3 41. Re7 a2 0-1

[Event "Olimpiade 2022 - Open"]
[Site "Chennai"]
[Date "03.08.2022"]
[Round "6.80"]
[Board "4"]
[White "Khalema, Sechaba"]
[Black "Marie, Patrick"]
[Result "1-0"]
[BlackTitle "CM"]
[WhiteElo "1790"]
[BlackElo "1921"]
[WhiteTeam "Lesotho"]
[BlackTeam "Mauritius"]
[WhiteFideId "14317176"]
[BlackFideId "9700099"]
[EventDate "2022.07.29"]

1. d4 Nf6 2. c4 g6 3. Nc3 Bg7 4. e4 d6 5. g3 O-O 6. Bg2 e5 7. Nge2 Nc6 8. O-O
Bd7 9. f3 Qc8 10. Re1 exd4 11. Nxd4 Nxd4 12. Qxd4 Ng4 13. Qd2 Ne5 14. b3 Be6 15.
Bb2 Qd8 16. Rad1 a5 17. Qc2 Qe7 18. h3 Bxh3 19. f4 Bxg2 20. fxe5 Bxe5 21. Kxg2
Qg5 22. Rd3 c6 23. Bc1 Qg4 24. Qe2 Qxe2+ 25. Rxe2 f5 26. Na4 fxe4 27. Rxe4 Rf7
28. Bh6 b5 29. cxb5 cxb5 30. Nb6 Rb8 31. Nd5 Rc8 32. Re2 a4 33. bxa4 bxa4 34.
Nb6 1-0

[Event "Olimpiade 2022 - Open"]
[Site "Chennai"]
[Date "03.08.2022"]
[Round "6.81"]
[Board "2"]
[White "Croes, Octavio"]
[Black "Guterres, Cosme"]
[Result "1-0"]
[WhiteTitle "CM"]
[WhiteElo "1794"]
[BlackElo "1692"]
[WhiteTeam "Aruba"]
[BlackTeam "Timor-Leste"]
[WhiteFideId "1007220"]
[BlackFideId "31902502"]
[EventDate "2022.07.29"]

1. d4 e6 2. c4 g6 3. Nc3 Bg7 4. e4 d6 5. Nf3 Ne7 6. Be2 c6 7. O-O O-O 8. Be3 Nd7
9. Qd2 f6 10. d5 exd5 11. cxd5 c5 12. Rac1 b6 13. Nb5 Nb8 14. Bf4 a6 15. Nxd6
Nd7 16. Nxc8 Nxc8 17. d6 Ra7 18. b4 Kh8 19. Rfd1 Re8 20. bxc5 bxc5 21. Qd5 Ncb6
22. Qc6 Ra8 23. Be3 Rc8 24. Qb7 Rb8 25. Qc7 Rc8 26. Qxd8 Rexd8 27. Bxa6 Ra8 28.
Bb5 Rxa2 29. Bxd7 Nxd7 30. Bxc5 Nxc5 31. Rxc5 h6 32. Kf1 Bf8 33. e5 fxe5 34.
Nxe5 Kg7 35. Rc7+ Kf6 36. Nd7+ Ke6 37. Nxf8+ Rxf8 38. Re7+ Kf6 39. Rd3 Ra1+ 40.
Ke2 Ra2+ 41. Ke3 g5 42. Re4 Kg6 43. d7 Rd8 44. Re8 Raa8 45. Rxd8 Rxd8 46. Ke4 h5
47. Ke5 Kf7 48. Kd6 Kf6 49. Rf3+ Kg7 50. Ke7 Ra8 1-0

[Event "Olimpiade 2022 - Open"]
[Site "Chennai"]
[Date "03.08.2022"]
[Round "6.85"]
[Board "3"]
[White "Mujahid, Bin Yazeed"]
[Black "Prasad, Rudr"]
[Result "0-1"]
[WhiteElo "1418"]
[BlackElo "1566"]
[WhiteTeam "Maldives"]
[BlackTeam "Fiji"]
[WhiteFideId "16701160"]
[BlackFideId "11401095"]
[EventDate "2022.07.29"]

1. e4 c6 2. d4 d5 3. e5 c5 4. c3 cxd4 5. cxd4 Nc6 6. Bb5 Bf5 7. Nc3 e6 8. Nge2
Ne7 9. O-O h5 10. Bg5 Qb6 11. Qb3 O-O-O 12. Na4 Qc7 13. Rac1 a6 14. Bxc6 Nxc6
15. Nb6+ Kb8 16. Bxd8 Qxd8 17. Na4 Na5 18. Qc3 f6 19. Nc5 fxe5 20. dxe5 Nc4 21.
b4 Bxc5 22. bxc5 Qc7 23. Nd4 Qxe5 24. Nxf5 Qxf5 25. Qxg7 Rh7 26. Qg8+ Kc7 27.
Rfe1 Rf7 28. Qg3+ Kc6 29. Rxc4 dxc4 30. Qd6+ Kb5 31. a4+ Kxa4 32. Ra1+ Kb3 33.
Qb6+ Kc2 34. Ra2+ Kd3 35. c6 Qf4 36. g3 Qf3 37. Qb1+ Kd4 38. Rd2+ Kc5 39. cxb7
Rxb7 40. Qa1 Qe4 41. Qa5+ Rb5 42. Qa3+ Kb6 43. Rd1 Qc6 44. Qe3+ Kb7 45. Re1 c3 0-1

[Event "Olimpiade 2022 - Open"]
[Site "Chennai"]
[Date "03.08.2022"]
[Round "6.86"]
[Board "4"]
[White "Walrond, Niccolo"]
[Black "Swaminathan, Laia"]
[Result "0-1"]
[WhiteElo "1210"]
[BlackElo "1460"]
[WhiteTeam "Bermuda"]
[BlackTeam "Cayman Islands"]
[WhiteFideId "11102357"]
[BlackFideId "33100063"]
[EventDate "2022.07.29"]

1. e4 e5 2. Nf3 Nc6 3. Bc4 Bc5 4. c3 Qe7 5. O-O d6 6. d3 h6 7. Re1 Nf6 8. Nbd2
O-O 9. a4 a5 10. Nf1 Bg4 11. Be3 Bxe3 12. Nxe3 Qd7 13. h3 Be6 14. Ba2 Ne7 15.
Nh4 Ng6 16. Bxe6 Qxe6 17. Nef5 Nxh4 18. Nxh4 g6 19. d4 c6 20. Qd3 Rfd8 21. Qg3
Nh5 22. Qh2 Nf4 23. Re3 exd4 24. cxd4 Qf6 25. Rf3 Ne2+ 26. Kf1 Qxh4 27. Kxe2
Qxe4+ 28. Kf1 Qxd4 29. Rf4 Qxb2 30. Re1 Re8 31. Rfe4 Rxe4 32. Rxe4 Qc1+ 33. Ke2
Qc2+ 34. Ke3 Qc5+ 35. Kf3 Kf8 36. Qf4 Qf5 37. g4 Qxf4+ 38. Kxf4 Rd8 39. h4 d5
40. Rd4 c5 41. Rd3 c4 42. Rc3 d4 43. Rxc4 d3 44. Rc1 d2 45. Rd1 Ke7 46. Ke3 Ke6
47. f4 f5 48. g5 h5 49. Rxd2 Rxd2 50. Kxd2 Kd5 51. Kd3 b6 52. Kc3 Ke4 53. Kc4
Kxf4 54. Kb5 Ke3 55. Kxb6 f4 56. Kxa5 f3 57. Kb6 f2 0-1

[Event "Olimpiade 2022 - Open"]
[Site "Chennai"]
[Date "03.08.2022"]
[Round "6.90"]
[Board "1"]
[White "Christopher, Art"]
[Black "Tan, Santiago Jr"]
[Result "1-0"]
[WhiteElo "1616"]
[BlackElo "1872"]
[WhiteTeam "British Virgin Islands"]
[BlackTeam "Palau"]
[WhiteFideId "2700085"]
[BlackFideId "16601661"]
[EventDate "2022.07.29"]

1. e4 c6 2. d4 d5 3. e5 c5 4. c4 Nc6 5. dxc5 d4 6. f4 Bf5 7. Bd3 Bxd3 8. Qxd3 e6
9. Nf3 Bxc5 10. a3 a5 11. O-O Nge7 12. Nbd2 Nf5 13. Ne4 Qb6 14. Nxc5 Qxc5 15. b4
Qb6 16. c5 Qd8 17. b5 Nce7 18. Rd1 h5 19. Nxd4 Nxd4 20. Qxd4 Qxd4+ 21. Rxd4 Nd5
22. Bd2 O-O 23. Rc1 b6 24. cxb6 Nxb6 25. Rc6 Nd5 26. a4 Rfb8 27. g3 Kh7 28. Kf2
Kg6 29. Rxd5 1-0

[Event "Olimpiade 2022 - Open"]
[Site "Chennai"]
[Date "05.08.2022"]
[Round "7.1"]
[Board "1"]
[White "Harikrishna, Pentala"]
[Black "Ganguly, Surya Shekhar"]
[Result "1/2-1/2"]
[WhiteTitle "GM"]
[BlackTitle "GM"]
[WhiteElo "2720"]
[BlackElo "2608"]
[WhiteTeam "India"]
[BlackTeam "India 3"]
[WhiteFideId "5007003"]
[BlackFideId "5002150"]
[EventDate "2022.07.29"]

1. d4 d5 2. c4 e6 3. Nf3 Nf6 4. Nc3 c5 5. cxd5 Nxd5 6. e4 Nxc3 7. bxc3 cxd4 8.
cxd4 Bb4+ 9. Bd2 Bxd2+ 10. Qxd2 O-O 11. h4 b6 12. Rd1 Bb7 13. Bd3 Nd7 14. O-O
Rc8 15. Rfe1 h6 16. Bb1 Qc7 17. d5 Ne5 18. Qf4 Nxf3+ 19. Qxf3 e5 20. Qa3 a6 21.
Rc1 Qd7 22. Bd3 b5 23. Qb4 Rxc1 24. Rxc1 Rc8 25. Rxc8+ Bxc8 26. Qc3 Qe8 27. Bc2
Bd7 28. Bb3 Qb8 29. Qa5 Qc8 30. Kh2 Kh7 1/2-1/2

[Event "Olimpiade 2022 - Open"]
[Site "Chennai"]
[Date "05.08.2022"]
[Round "7.1"]
[Board "2"]
[White "Sethuraman, S.P."]
[Black "Vidit, Santosh Gujrathi"]
[Result "1/2-1/2"]
[WhiteTitle "GM"]
[BlackTitle "GM"]
[WhiteElo "2623"]
[BlackElo "2714"]
[WhiteTeam "India 3"]
[BlackTeam "India"]
[WhiteFideId "5021596"]
[BlackFideId "5029465"]
[EventDate "2022.07.29"]

1. d4 Nf6 2. c4 e6 3. Nc3 Bb4 4. e3 O-O 5. Bd3 d5 6. a3 Bxc3+ 7. bxc3 dxc4 8.
Bxc4 c5 9. Nf3 Qc7 10. Be2 Nc6 11. O-O e5 12. Bb2 Rd8 13. h3 Bf5 14. Bb5 e4 15.
Nd2 a6 16. Bxc6 bxc6 17. c4 cxd4 18. exd4 Bg6 19. Re1 Rab8 20. Bc3 Re8 21. Nf1
Nh5 22. Qd2 Rb3 23. Re3 Qd7 24. Ng3 Nxg3 25. Rxg3 f6 26. d5 cxd5 27. Qxd5+ Qxd5
28. cxd5 e3 29. Bd4 exf2+ 30. Bxf2 Rb5 31. Rd1 Re5 32. d6 Rbd5 33. Rxd5 Rxd5 34.
Rb3 Rxd6 35. Rb8+ Kf7 36. Rb7+ Kg8 37. Rb8+ Kf7 38. Rb7+ Ke6 39. Rb6 Rxb6 40.
Bxb6 Be4 41. h4 Kf5 42. Kf2 Kg4 43. g3 1/2-1/2

[Event "Olimpiade 2022 - Open"]
[Site "Chennai"]
[Date "05.08.2022"]
[Round "7.1"]
[Board "4"]
[White "Puranik, Abhimanyu"]
[Black "Narayanan, S.L."]
[Result "0-1"]
[WhiteTitle "GM"]
[BlackTitle "GM"]
[WhiteElo "2612"]
[BlackElo "2659"]
[WhiteTeam "India 3"]
[BlackTeam "India"]
[WhiteFideId "5061245"]
[BlackFideId "5058422"]
[EventDate "2022.07.29"]

1. e4 e5 2. Nf3 Nc6 3. Bb5 a6 4. Ba4 Nf6 5. d3 b5 6. Bb3 Bc5 7. Bg5 h6 8. Bh4 d6
9. c3 g5 10. Bg3 O-O 11. O-O Bb6 12. a4 Rb8 13. axb5 axb5 14. h3 Ne7 15. Nbd2
Ng6 16. d4 Re8 17. Re1 c5 18. Bc2 cxd4 19. cxd4 g4 20. hxg4 Bxg4 21. dxe5 Nh5
22. Nf1 Nxg3 23. Nxg3 Nxe5 24. Ra3 Qf6 25. Nf5 d5 26. Ng3 Kh8 27. exd5 Bxf3 28.
gxf3 Qh4 29. Kg2 Bxf2 30. Kxf2 Qh2+ 31. Kf1 Qh3+ 32. Kf2 Qh2+ 33. Kf1 Qxg3 34.
Qd4 f6 35. Qd2 Qh4 36. Be4 Rg8 37. f4 Nc4 38. Qc1 Qh2 0-1

[Event "Olimpiade 2022 - Open"]
[Site "Chennai"]
[Date "05.08.2022"]
[Round "7.2"]
[Board "1"]
[White "Sargissian, Gabriel"]
[Black "Caruana, Fabiano"]
[Result "1-0"]
[WhiteTitle "GM"]
[BlackTitle "GM"]
[WhiteElo "2698"]
[BlackElo "2783"]
[WhiteTeam "Armenia"]
[BlackTeam "United States of America"]
[WhiteFideId "13300881"]
[BlackFideId "2020009"]
[EventDate "2022.07.29"]

1. d4 Nf6 2. c4 e6 3. Nf3 b6 4. g3 Ba6 5. b3 Bb4+ 6. Bd2 Be7 7. Nc3 d5 8. cxd5
exd5 9. Bg2 O-O 10. O-O Re8 11. Ne5 Bb7 12. Rc1 Nbd7 13. Rc2 Nf8 14. Bc1 Ne6 15.
Bb2 a6 16. e3 Bd6 17. Ne2 a5 18. a4 c5 19. Nf4 Nxf4 20. exf4 Ba6 21. Re1 Rc8 22.
g4 cxd4 23. Rxc8 Qxc8 24. Bxd4 Bb4 25. Re3 Ne4 26. Bb2 Bb7 27. h3 f6 28. Nf3 Qc7
29. f5 Qf4 30. Re2 Bc5 31. Bd4 Rd8 32. Bxc5 bxc5 33. Qe1 h5 34. Qxa5 Rc8 35. Nh4
Ra8 36. Qe1 Qc7 37. Ng6 c4 38. bxc4 Qxc4 39. Rb2 Bc6 40. Ne7+ Kh7 41. Bxe4 dxe4
42. Rb4 Qc5 43. Nxc6 Qxc6 44. Qxe4 Qc1+ 45. Kg2 Rd8 46. Rc4 Qd2 47. gxh5 Rb8 48.
Rd4 Qc1 49. Qg4 Qc6+ 50. Kh2 Qc2 51. Qg6+ Kh8 52. Qg3 Rg8 53. Qf4 Kh7 54. Rd7
Kh8 55. h6 g5 56. fxg6 Qxg6 57. Rg7 1-0

[Event "Olimpiade 2022 - Open"]
[Site "Chennai"]
[Date "05.08.2022"]
[Round "7.2"]
[Board "2"]
[White "So, Wesley"]
[Black "Melkumyan, Hrant"]
[Result "1-0"]
[WhiteTitle "GM"]
[BlackTitle "GM"]
[WhiteElo "2773"]
[BlackElo "2634"]
[WhiteTeam "United States of America"]
[BlackTeam "Armenia"]
[WhiteFideId "5202213"]
[BlackFideId "13302485"]
[EventDate "2022.07.29"]

1. e4 c6 2. Nc3 d5 3. Nf3 Bg4 4. h3 Bxf3 5. Qxf3 e6 6. Be2 Bc5 7. O-O Nd7 8.
exd5 cxd5 9. Rd1 Ngf6 10. d4 Be7 11. Bd3 O-O 12. Bf4 Nb8 13. Ne2 Nc6 14. c3 Re8
15. Re1 g6 16. Ng3 Nd7 17. Re3 e5 18. Bh6 e4 19. Rxe4 Nf8 20. Rf4 f5 21. Nxf5
gxf5 22. Rxf5 Qd6 23. Qg4+ Ng6 24. Rxd5 Qf6 25. g3 Bf8 26. Rf5 Qe7 27. Bc4+ Kh8
28. Bg5 1-0

[Event "Olimpiade 2022 - Open"]
[Site "Chennai"]
[Date "05.08.2022"]
[Round "7.2"]
[Board "3"]
[White "Ter-Sahakyan, Samvel"]
[Black "Dominguez Perez, Leinier"]
[Result "0-1"]
[WhiteTitle "GM"]
[BlackTitle "GM"]
[WhiteElo "2625"]
[BlackElo "2754"]
[WhiteTeam "Armenia"]
[BlackTeam "United States of America"]
[WhiteFideId "13302531"]
[BlackFideId "3503240"]
[EventDate "2022.07.29"]

1. e4 c5 2. Nf3 d6 3. d4 cxd4 4. Nxd4 Nf6 5. Nc3 a6 6. Bg5 Nbd7 7. Qe2 h6 8. Bh4
g6 9. f4 e5 10. fxe5 dxe5 11. O-O-O Qc7 12. Nb3 b5 13. Nd5 Nxd5 14. exd5 Bd6 15.
Qd2 f5 16. Kb1 g5 17. Be1 Nf6 18. Rc1 b4 19. c4 bxc3 20. Qd1 Qf7 21. Rxc3 Bb7
22. Bc4 O-O 23. Na5 Bxd5 24. Bxd5 Nxd5 25. Rd3 Nb4 26. Bxb4 Bxb4 27. Nc6 a5 28.
Nxe5 Qe6 29. Nf3 Rab8 30. a3 Be7 31. Nd4 Qd5 32. Qf3 Qxf3 33. gxf3 Bf6 34. Rhd1
Rb6 35. R1d2 Rfb8 36. Kc1 f4 37. Kb1 Rd6 38. Nb3 Rxd3 39. Rxd3 a4 40. Nd2 Rxb2+
41. Kc1 Ra2 42. Rd6 Bg7 43. Rd3 Bf8 44. Rd4 Rxa3 45. h4 gxh4 46. Rxf4 Ra1+ 47.
Kc2 h3 48. Rh4 Bb4 49. Kb2 Re1 0-1

[Event "Olimpiade 2022 - Open"]
[Site "Chennai"]
[Date "05.08.2022"]
[Round "7.2"]
[Board "4"]
[White "Shankland, Sam"]
[Black "Hovhannisyan, Robert"]
[Result "0-1"]
[WhiteTitle "GM"]
[BlackTitle "GM"]
[WhiteElo "2720"]
[BlackElo "2591"]
[WhiteTeam "United States of America"]
[BlackTeam "Armenia"]
[WhiteFideId "2004887"]
[BlackFideId "13302507"]
[EventDate "2022.07.29"]

1. d4 d5 2. c4 c6 3. Nf3 Nf6 4. e3 Bf5 5. Nc3 e6 6. Nh4 Bg6 7. Bd2 Nbd7 8. Nxg6
hxg6 9. Qb3 Qc7 10. h3 Be7 11. Rc1 Nb6 12. cxd5 exd5 13. Bd3 O-O 14. O-O a5 15.
a3 Rfe8 16. Rfe1 Bf8 17. f3 a4 18. Qc2 Qd7 19. Kh1 Bd6 20. g4 Bc7 21. Re2 g5 22.
Rf1 Re7 23. e4 dxe4 24. Nxe4 Nxe4 25. Bxe4 Bf4 26. Rfe1 Rae8 27. Ba5 Nd5 28. Bf5
Qd6 29. Rxe7 Rxe7 30. Rxe7 Nxe7 31. Bb4 Qh6 32. Kg2 Nd5 33. Qe4 Ne3+ 34. Kf2
Nxf5 35. gxf5 Qxh3 36. Bc3 Qh2+ 37. Ke1 Qg1+ 38. Ke2 Qg2+ 39. Ke1 Qg1+ 40. Ke2
Qg2+ 41. Ke1 Bg3+ 42. Kd1 Qf1+ 43. Kc2 Bf4 44. Be1 Qc4+ 45. Bc3 Qb3+ 46. Kb1 Qd5
47. Kc2 Kh7 48. Qd3 f6 49. Kd1 Kg8 50. Ke2 Kf7 51. Kf2 b5 52. Kg1 Bd6 53. Kf2
Bc7 54. Kg1 Kg8 55. Qe3 Kf7 56. Qd3 Bb6 57. Kf2 Ba7 58. Kg3 Bb8+ 59. Kf2 Bd6 60.
Kg1 Ke8 61. Kf2 Kd7 62. Kg1 Kc7 63. Qe4 Kd7 64. Qd3 Bf4 65. Kf2 Ke8 66. Qe2+ Kf7
67. Qd3 Bd6 68. Kg1 g6 69. fxg6+ Kg7 70. Qe2 Kxg6 71. Qe8+ Kg7 72. Kg2 Bf8 73.
Kf2 f5 74. Qe3 Kh6 75. Bd2 f4 76. Qd3 Bg7 77. Bc3 Bf6 78. Ke1 g4 79. fxg4 Qh1+
80. Kd2 Qg2+ 81. Kc1 Qxg4 82. Bd2 Kg5 83. Qe4 Qg1+ 84. Kc2 Qf2 85. Qxc6 Qxd4 86.
Qxb5+ Kg4 87. Bxf4 Qe4+ 88. Qd3 Qc6+ 89. Kb1 Kxf4 90. b3 Qg2 0-1

[Event "Olimpiade 2022 - Open"]
[Site "Chennai"]
[Date "05.08.2022"]
[Round "7.3"]
[Board "1"]
[White "Moussard, Jules"]
[Black "Giri, Anish"]
[Result "1/2-1/2"]
[WhiteTitle "GM"]
[BlackTitle "GM"]
[WhiteElo "2672"]
[BlackElo "2760"]
[WhiteTeam "France"]
[BlackTeam "Netherlands"]
[WhiteFideId "642908"]
[BlackFideId "24116068"]
[EventDate "2022.07.29"]

1. e4 c5 2. Nf3 Nc6 3. Bb5 e6 4. O-O Nge7 5. c3 a6 6. Ba4 b5 7. Bc2 Bb7 8. Re1
Rc8 9. a4 Ng6 10. axb5 axb5 11. d4 cxd4 12. Nxd4 Nxd4 13. Qxd4 Qf6 14. Be3 Qxd4
15. Bxd4 Be7 16. Ra7 Bc6 17. Nd2 O-O 18. Nb3 Ra8 19. Rea1 Rxa7 20. Rxa7 Ra8 21.
Rxa8+ Bxa8 22. f3 e5 23. Bc5 Kf8 24. Bd3 Bc6 25. g3 Bxc5+ 26. Nxc5 Ke7 27. Kf2
f6 28. Ke3 Kd8 29. b4 Kc7 30. f4 Ne7 31. h4 Nc8 32. c4 Nd6 33. Na6+ Kb7 34. Nc5+
Kc7 35. Na6+ Kb7 36. Nc5+ 1/2-1/2

[Event "Olimpiade 2022 - Open"]
[Site "Chennai"]
[Date "05.08.2022"]
[Round "7.3"]
[Board "2"]
[White "Van Foreest, Jorden"]
[Black "Fressinet, Laurent"]
[Result "1/2-1/2"]
[WhiteTitle "GM"]
[BlackTitle "GM"]
[WhiteElo "2678"]
[BlackElo "2631"]
[WhiteTeam "Netherlands"]
[BlackTeam "France"]
[WhiteFideId "1039784"]
[BlackFideId "608742"]
[EventDate "2022.07.29"]

1. e4 e5 2. Nf3 Nc6 3. Bb5 Nf6 4. O-O Nxe4 5. Re1 Nd6 6. a4 Be7 7. Nc3 a6 8. Bf1
e4 9. Nxe4 Nxe4 10. Rxe4 d5 11. Re1 d4 12. Bd3 O-O 13. Be4 Be6 14. d3 Bd5 15.
Bf4 Bxe4 16. Rxe4 f5 17. Re1 Bf6 18. Qb1 Qd7 19. b4 b5 20. Qb3+ Qf7 21. Re6 Nd8
22. Rxf6 gxf6 23. Nxd4 Qxb3 24. cxb3 Re8 25. Nxf5 Nc6 26. Bxc7 Nxb4 27. d4 Nc2
28. Rc1 Re1+ 29. Rxe1 Nxe1 30. d5 Nd3 31. g3 bxa4 32. bxa4 Kf7 33. Kg2 Ke8 34.
d6 1/2-1/2

[Event "Olimpiade 2022 - Open"]
[Site "Chennai"]
[Date "05.08.2022"]
[Round "7.3"]
[Board "3"]
[White "Lagarde, Maxime"]
[Black "L'Ami, Erwin"]
[Result "1-0"]
[WhiteTitle "GM"]
[BlackTitle "GM"]
[WhiteElo "2631"]
[BlackElo "2634"]
[WhiteTeam "France"]
[BlackTeam "Netherlands"]
[WhiteFideId "662399"]
[BlackFideId "1007998"]
[EventDate "2022.07.29"]

1. c4 c5 2. Nc3 Nc6 3. Nf3 e5 4. g3 g6 5. Bg2 Bg7 6. a3 Nge7 7. b4 d5 8. b5 Na5
9. cxd5 Nxd5 10. Nxd5 Qxd5 11. Bb2 O-O 12. d3 a6 13. a4 axb5 14. axb5 Bd7 15.
Bc3 e4 16. Bxg7 Kxg7 17. Nd2 Bxb5 18. O-O c4 19. Ra3 Nb3 20. Bxe4 Qe6 21. Rxa8
Rxa8 22. dxc4 Nxd2 23. Bd5 Qe5 24. Qxd2 Bc6 25. e4 Ra3 26. Qb4 Ra2 27. Qb6 Rb2
28. Qe3 Rc2 29. Rc1 Ra2 30. h4 h5 31. Qc3 Qxc3 32. Rxc3 Rb2 33. Rf3 Be8 34. Ra3
Kf6 35. f4 Bd7 36. Ra7 Bc8 37. c5 Kg7 38. Ra8 Be6 39. Rb8 Bxd5 40. exd5 Rd2 41.
d6 Rd5 42. Kf2 Kf6 43. Re8 Rd1 44. Ke2 Rd4 45. Re3 Ra4 46. Kd3 1-0

[Event "Olimpiade 2022 - Open"]
[Site "Chennai"]
[Date "05.08.2022"]
[Round "7.3"]
[Board "4"]
[White "Bok, Benjamin"]
[Black "Maurizzi, Marc'Andria"]
[Result "1-0"]
[WhiteTitle "GM"]
[BlackTitle "GM"]
[WhiteElo "2616"]
[BlackElo "2506"]
[WhiteTeam "Netherlands"]
[BlackTeam "France"]
[WhiteFideId "1017063"]
[BlackFideId "36083534"]
[EventDate "2022.07.29"]

1. d4 Nf6 2. c4 e6 3. Nf3 a6 4. Nc3 d5 5. cxd5 exd5 6. Bg5 Be6 7. e3 Nbd7 8. h3
c6 9. Bd3 Bd6 10. Bf4 Qc7 11. Qc1 h6 12. a4 c5 13. Bxd6 Qxd6 14. a5 O-O 15. O-O
Rac8 16. Qd2 Rfe8 17. Rfd1 cxd4 18. exd4 Nh5 19. Na4 Nf4 20. Ne5 Nxd3 21. Nxd3
Rc4 22. Ndc5 Bf5 23. Re1 Rxe1+ 24. Rxe1 Qg6 25. Qe3 Nf6 26. Nc3 Rb4 27. b3 Be4
28. f3 Bf5 29. Kh2 Kh7 30. Qe5 Qg5 31. Re2 Be6 32. Na2 Rb5 33. Qxg5 hxg5 34. b4
b6 35. Nxa6 bxa5 36. Nc7 Rb7 37. Nxe6 fxe6 38. bxa5 Ra7 39. Rxe6 Rxa5 40. Nc3
Kg6 41. Re5 Kh6 42. Ne4 Nh5 43. Nxg5 Nf4 44. Ne6 Nd3 45. Re3 Nb4 46. h4 Nc2 47.
Re2 Nb4 48. Ng5 Kg6 49. Re6+ Kf5 50. Re5+ Kf6 51. Re6+ Kf5 52. g4+ Kf4 53. Re2
Ra2 54. Rxa2 Nxa2 55. Kg2 Nc3 56. Ne6+ Ke3 57. h5 1-0

[Event "Olimpiade 2022 - Open"]
[Site "Chennai"]
[Date "05.08.2022"]
[Round "7.4"]
[Board "2"]
[White "Bluebaum, Matthias"]
[Black "Ivic, Velimir"]
[Result "1/2-1/2"]
[WhiteTitle "GM"]
[BlackTitle "GM"]
[WhiteElo "2673"]
[BlackElo "2581"]
[WhiteTeam "Germany"]
[BlackTeam "Serbia"]
[WhiteFideId "24651516"]
[BlackFideId "950122"]
[EventDate "2022.07.29"]

1. Nf3 d5 2. g3 g6 3. Bg2 Bg7 4. d4 Nf6 5. O-O O-O 6. Be3 c6 7. Qc1 Bf5 8. c4
Qb6 9. h3 Na6 10. a3 Ne4 11. b4 dxc4 12. Ne5 Nd6 13. Nd2 Qd8 14. Ndxc4 Nxc4 15.
Qxc4 Be6 16. Qc2 Bd5 17. f3 Nc7 18. Bf2 a5 19. bxa5 Rxa5 20. e4 Be6 21. a4 c5
22. Qc3 Qa8 23. f4 Rc8 24. dxc5 Rxa4 25. Rxa4 Qxa4 26. Rb1 f6 27. Nd3 f5 28. Qb4
Qd7 29. exf5 gxf5 30. Ne1 Na6 31. Qxb7 Nxc5 32. Qxd7 Nxd7 33. Nf3 Bd5 34. Rd1 1/2-1/2

[Event "Olimpiade 2022 - Open"]
[Site "Chennai"]
[Date "05.08.2022"]
[Round "7.4"]
[Board "3"]
[White "Markus, Robert"]
[Black "Nisipeanu, Liviu-Dieter"]
[Result "1/2-1/2"]
[WhiteTitle "GM"]
[BlackTitle "GM"]
[WhiteElo "2616"]
[BlackElo "2642"]
[WhiteTeam "Serbia"]
[BlackTeam "Germany"]
[WhiteFideId "921637"]
[BlackFideId "1202758"]
[EventDate "2022.07.29"]

1. d4 Nf6 2. c4 e6 3. Nf3 d5 4. g3 Be7 5. Bg2 O-O 6. O-O c6 7. b3 b6 8. Bb2 Nbd7
9. Nc3 a5 10. Nd2 b5 11. cxb5 cxb5 12. Nxb5 Qb6 13. a4 Ba6 14. Nb1 Bxb5 15. axb5
Qxb5 16. Nc3 Qb7 17. Qd3 Bb4 18. e3 Rfc8 19. Rfc1 Bxc3 20. Rxc3 Rxc3 21. Qxc3 h5
22. Bf3 g5 23. Bd1 Ne4 24. Qe1 a4 25. Bxh5 axb3 26. Rxa8+ Qxa8 27. Qb4 Qa2 28.
Qe7 Qxb2 29. Qxf7+ Kh8 30. Qe8+ Kg7 31. Qg6+ Kh8 32. Qh6+ Kg8 33. Qxe6+ Kh8 34.
Qe8+ Kg7 35. Qf7+ Kh8 36. Qe8+ Kg7 37. Qf7+ Kh8 38. Qe8+ 1/2-1/2